书目信息 |
| 题名: |
自然环境的腐蚀与防护大气海水土壤
|
|
| 作者: | ;中国腐蚀与防护学会 主编 | |
| 分册: | ||
| 出版信息: | 北京 化学工业出版社 1997 |
|
| 页数: | 333 | |
| 开本: | 20cm | |
| 丛书名: | ||
| 单 册: | ||
| 中图分类: | TG172 | |
| 科图分类: | ||
| 主题词: | 腐蚀 , 金属表面 , 金属表面清理 | |
| 电子资源: | ||
| ISBN: | 7-5025-1801-0 | |
| 000 | 00688nam0 2200205 450 | |
| 001 | 0754114953 | |
| 005 | 20070929150154.95 | |
| 010 | @a7-5025-1801-0 | |
| 100 | @a20070929d km y0chiy0120 ea | |
| 101 | 0 | @achi |
| 200 | 1 | @a自然环境的腐蚀与防护大气海水土壤@Azi ran huan jing de fu shi yu fang hu da qi hai shui tu rang@f中国腐蚀与防护学会 主编@Fzhong guo fu shi yu fang hu xue hui zhu bian |
| 210 | @a北京@c化学工业出版社@d1997 | |
| 215 | @a333@c插图@d20cm | |
| 606 | 0 | @a腐蚀 |
| 606 | 0 | @a金属表面 |
| 606 | 0 | @a金属表面清理 |
| 690 | @aTG172@v3 | |
| 711 | 02 | @a中国腐蚀与防护学会@Azhong guo fu shi yu fang hu xue hui@4主编 |
| 801 | 0 | @aCN@bPFT@c20070929 |
| 905 | @a213230@dTG172@eh2@f1 | |
| 自然环境的腐蚀与防护大气海水土壤/中国腐蚀与防护学会 主编.-北京:化学工业出版社,1997 |
| 333:插图;20cm |
| ISBN 7-5025-1801-0: |
| ● |
| 相关链接 |
|
|
|
|
正题名:自然环境的腐蚀与防护大气海水土壤
索取号:TG172/h2
 
预约/预借
| 序号 | 登录号 | 条形码 | 馆藏地/架位号 | 状态 | 备注 |
| 1 | 6000598 | 260005988 | 密集书库-化学系/ [索取号:TG172/h2] | 在馆 |